000 01863aam a2200409 a 4500
001 014932444
003 OSt
005 20150408113956.0
008 111210s2009 enka b 001 0 eng
010 _a2008033717
015 _aGBA928261
_2bnb
020 _a0195379993 (hbk.) :
_c£23.99
020 _a9780195379990 (hbk.) :
_c£23.99
040 _aStDuBDS
_beng
_cMU
042 _aukblsr
043 _ae-uk---
082 0 0 _a820.9112 L S A
_222
100 1 _aLatham, Sean,
_d1971-
_97536
245 1 4 _aThe art of scandal :
_bmodernism, libel law, and the roman à clef /
_cSean Latham.
260 _aOxford ;
_aNew York :
_bOxford University Press,
_c2009.
300 _axiii, 202 p. :
_bill. ;
_c24 cm.
490 1 _aModernist literature & culture
500 _aFormerly CIP.
_5Uk
504 _aIncludes bibliographical references (p. 167-195) and index.
505 0 _aIntroduction: fact, fiction, and pleasure -- True fictions and false histories: the secret rise of the roman à clef -- Open secrets and hidden truths: Wilde and Freud -- Libel: policing the laws of fiction -- The novel at the bar: Joyce, Lewis, and libel -- The coterie as commodity: Huxley, Lawrence, Rhys, and the business of revenge.
650 0 _aLaw and literature
_zGreat Britain
_xHistory
_y20th century.
_97537
650 0 _aRomans à clef
_zGreat Britain
_xHistory and criticism.
_97538
650 0 _aEnglish fiction
_y20th century
_xHistory and criticism.
_97539
650 0 _aModernism (Literature)
_zGreat Britain.
_97540
650 0 _aScandals in literature.
_97541
650 0 _aLibel and slander in literature.
_97542
650 0 _aTruthfulness and falsehood in literature.
_97543
830 0 _aModernist literature & culture.
_97544
942 _2ddc
_cDVD
999 _c19494
_d253994